छत्रपती शिवाजी महाराजांचे चरित्र (Record no. 355961)

MARC details
000 -LEADER
fixed length control field 00484 a2200157 4500
003 - CONTROL NUMBER IDENTIFIER
control field OSt
005 - DATE AND TIME OF LATEST TRANSACTION
control field 20231121130743.0
008 - FIXED-LENGTH DATA ELEMENTS--GENERAL INFORMATION
fixed length control field 230911b |||||||| |||| 00| 0 eng d
020 ## - INTERNATIONAL STANDARD BOOK NUMBER
International Standard Book Number 9789385831454
100 ## - MAIN ENTRY--PERSONAL NAME
Author Kincaid D.
245 ## - TITLE STATEMENT
Title छत्रपती शिवाजी महाराजांचे चरित्र
260 ## - PUBLICATION, DISTRIBUTION, ETC.
Name of publisher, distributor, etc. महावीर बुक हाऊस
300 ## - PHYSICAL DESCRIPTION
Extent २६०
700 ## - ADDED ENTRY--PERSONAL NAME
Personal name सोमण क. अनु.
942 ## - ADDED ENTRY ELEMENTS (KOHA)
Koha item type Books
Holdings
Withdrawn status Lost status Source of classification or shelving scheme Damaged status Not for loan Home library Current library Date acquired Vendor Net Price Total Checkouts Full call number Barcode Date last seen Date last checked out Actual Price Bill Date Koha item type
    Dewey Decimal Classification     Cummins College of Engineering for Women Pune Cummins College of Engineering for Women Pune 01/09/2023 115 187.50 5 891.463 KIN CCEP-BK-65175 18/03/2025 28/02/2025 250.00 31/08/2023 Books